| 000 | 00627nam a2200217Ia 4500 | ||
|---|---|---|---|
| 005 | 20250923145207.0 | ||
| 008 | 008 250917s9999 xx 000 0 eng d | ||
| 037 | _aTextual | ||
| 040 |
_aDSWL _beng _cDSWL |
||
| 041 |
_aeng _2eng |
||
| 084 |
_aSobX8:935.56, N68 _qDSWL |
||
| 100 |
_aMerrett, A.J. _9832753 |
||
| 245 | 0 |
_aIncentive payment systems for Mangers _cby A.J. Merrett |
|
| 260 |
_aLondon _bGower Press Ltd. _c1968 |
||
| 300 | _axv,665p. | ||
| 365 |
_aINR _b63 |
||
| 700 |
_aM.R.M. White _9832754 |
||
| 925 | _g63 | ||
| 942 |
_cTEXL _hSobX8:935.56, N68 |
||
| 999 |
_c1448303 _d1448303 |
||